LEADER 00794nam a2200205 4500 001 000000337819 003 CaOOAMICUS 005 20191106125103.0 008 191106s1972 it 000 u ita r 040 $aSeMil$bita 100 1 $aVannucci, Giovanni Maria .$0(OLS)http://semarc/name/89866 245 10$aMeditazioni cristiane /$cGiovanni Vannucci. 264 1$aTorino :$bGribaudi,$c1972. 300 $a175 p. ;$c19 cm 830 4$aUna ragione per vivere.$0(OLS)http://semarc/title/7701 850 $aSeMil 852 $aSeMil$W1$xVenegono$y1$m3F I 830$j218700$B230618$CSeMilBibl$Z2$F230618 $81 996 $6245$aMeditazioni cristiane$9(OLS)http://semarc/title/426758 996 $6264$aTorino :$bGribaudi$9(OLS)http://semarc/publisher/31540 LEADER 01031nam a2200217 i 4500 001 000000001616 003 CaOOAMICUS 005 20180830125435.0 008 180830s1908 it u000 u ita u 040 $aSeMil$bita 100 1 $aD'Annibale, Giuseppe <1815-1892>.$0(OLS)http://semarc/name/1460 245 10$aSummula Theologiae Moralis /$cauctore Iosepho D'Annibale. 250 $aEd. 5. diligenter revisa et novissimis Ss. Congregationum Decretis locupletata. 260 $aRoma :$bDesclée, Lefebvre,$c1908-1909. 300 $a4 v. ;$c25 cm. 774 0 $tProlegomena.$gPars1$w()50044 774 0 $tObligationibus que omnium hominum communes sunt.$gPars2$w()214351 774 0 $tDe rebus sacris et de officiis christianorum propriis.$gPars3$w()214352 774 0 $aD'Annibale, Giuseppe <1815-1892>$tSupplementum Editioni Quintae Summulae Theologiae Moralis.$gSupplementum$w()214353 996 $6245$aSummula Theologiae Moralis$9(OLS)http://semarc/title/2634 996 $6260$aRoma :$bDesclée, Lefebvre$9(OLS)http://semarc/publisher/30319